| 000 | 00473nam a2200193Ia 4500 | ||
|---|---|---|---|
| 005 | 20250522104537.0 | ||
| 008 | 008 250516s9999 xx 000 0 eng d | ||
| 020 | _a9780817645229 | ||
| 040 |
_aSDCL _beng _cSDCL |
||
| 041 |
_aeng _2eng |
||
| 084 |
_aB26, Q5 _qSDCL |
||
| 100 | _aKnapp, Anthony W. | ||
| 245 | 0 | _aAdvanced algebra | |
| 260 |
_aNew York: _bSpringer, _c2015. |
||
| 300 | _axxiv,730p. | ||
| 365 |
_aINR _b0 |
||
| 650 | _aMathematics | ||
| 942 | _cTEXL | ||
| 999 |
_c1430699 _d1430699 |
||